000 00549nam a2200205Ia 4500
005 20250923145812.0
008 008 250917s9999 xx 000 0 eng d
037 _aTextual
040 _aDSWL
_beng
_cDSWL
041 _aeng
_2eng
084 _aY15-5, N86
_qDSWL
100 _aPiges, E.
_9839079
245 0 _aPatriarchal attitudes : women in society
_cby E.Piges
260 _aLondon
_bMacmillan
_c1970
300 _a191p.
365 _aGBP
_b5.95
925 _g5.95
942 _cTEXL
_hY15-5, N86
999 _c1455884
_d1455884